[Event "DEM U8 2025"]
[Site "Willingen GER"]
[Date "2025.06.13"]
[Round "5"]
[White "Stein, Fabian"]
[Black "Bektas, Luey"]
[Result "0-1"]
[Termination "normal"]
[Board "18"]
[WhiteElo "1139"]
[BlackElo "1053"]
[WhiteClock "00:37:14"]
[BlackClock "00:51:00"]
[PlyCount "96"]
[BlackFideId "533024642"]
[EventCountry "GER"]
[EventRounds "7"]
[EventType "swiss"]
[EventDate "2025.06.10"]

1. e4 {[%clk 01:00:43]} {[%emt 00:00:03]} e5 {[%clk 01:00:36]} {[%emt
00:00:09]} 2. Nf3 {[%emt 00:00:08]} Nc6 {[%emt 00:00:03]} 3. Bc4 {[%clk
01:00:38]} {[%emt 00:00:09]} Bc5 {[%clk 01:00:30]} {[%emt 00:00:20]} 4. c3
{[%clk 01:00:39]} {[%emt 00:00:08]} Nf6 {[%clk 01:00:41]} {[%emt 00:00:10]} 5.
d4 {[%emt 00:00:10]} exd4 {[%clk 01:00:50]} {[%emt 00:00:04]} 6. e5 {[%clk
01:00:52]} {[%emt 00:00:06]} d5 {[%clk 01:01:03]} {[%emt 00:00:05]} 7. Bb5
{[%clk 01:00:58]} {[%emt 00:00:09]} Ne4 {[%clk 01:00:56]} {[%emt 00:00:23]} 8.
cxd4 {[%clk 01:00:49]} {[%emt 00:00:14]} Bb4+ {[%clk 01:00:42]} {[%emt
00:00:38]} 9. Nbd2 {[%clk 01:00:30]} {[%emt 00:00:22]} Bd7 {[%clk 01:00:11]}
{[%emt 00:00:56]} 10. O-O {[%clk 00:59:35]} {[%emt 00:01:02]} Nxd2 {[%clk
01:00:11]} {[%emt 00:00:24]} 11. Bxd2 {[%emt 00:00:18]} Bxd2 {[%emt 00:00:05]}
12. Qxd2 {[%clk 00:59:06]} {[%emt 00:00:16]} O-O {[%clk 01:00:23]} {[%emt
00:00:09]} 13. Rac1 {[%clk 00:58:37]} {[%emt 00:00:31]} Nxe5 {[%clk 01:00:09]}
{[%emt 00:00:41]} 14. Nxe5 {[%clk 00:56:50]} {[%emt 00:02:02]} Bxb5 {[%clk
01:00:09]} {[%emt 00:00:15]} 15. Rfe1 {[%clk 00:56:35]} {[%emt 00:00:18]} c6
{[%clk 00:59:51]} {[%emt 00:00:45]} 16. b3 {[%clk 00:56:02]} {[%emt 00:00:48]}
Re8 {[%clk 00:58:35]} {[%emt 00:01:31]} 17. a4 {[%clk 00:55:57]} {[%emt
00:00:20]} Ba6 {[%clk 00:58:32]} {[%emt 00:00:18]} 18. Qf4 {[%clk 00:55:20]}
{[%emt 00:00:52]} Qf6 {[%clk 00:58:24]} {[%emt 00:00:23]} 19. Qxf6 {[%clk
00:55:08]} {[%emt 00:00:25]} gxf6 {[%clk 00:58:06]} {[%emt 00:00:35]} 20. Nd7
{[%clk 00:55:07]} {[%emt 00:00:14]} Kg7 {[%clk 00:57:56]} {[%emt 00:00:27]} 21.
Nc5 {[%clk 00:54:36]} {[%emt 00:00:45]} Rad8 {[%clk 00:57:06]} {[%emt
00:01:05]} 22. b4 {[%clk 00:53:44]} {[%emt 00:01:08]} Rb8 {[%clk 00:55:38]}
{[%emt 00:01:44]} 23. Rb1 {[%clk 00:52:53]} {[%emt 00:01:06]} Rxe1+ {[%clk
00:55:08]} {[%emt 00:00:44]} 24. Rxe1 {[%clk 00:52:54]} {[%emt 00:00:15]} Bc4
{[%clk 00:55:20]} {[%emt 00:00:03]} 25. a5 {[%clk 00:51:55]} {[%emt 00:01:13]}
b6 {[%clk 00:54:47]} {[%emt 00:00:49]} 26. Na4 {[%clk 00:51:09]} {[%emt
00:00:58]} bxa5 {[%emt 00:00:43]} 27. bxa5 {[%emt 00:00:19]} Rb5 {[%clk
00:53:39]} {[%emt 00:00:23]} 28. h3 {[%clk 00:49:50]} {[%emt 00:01:33]} Rxa5
{[%clk 00:53:13]} {[%emt 00:00:43]} 29. Nc5 {[%clk 00:49:39]} {[%emt 00:00:25]}
Ra3 {[%clk 00:53:25]} {[%emt 00:00:04]} 30. Re7 {[%emt 00:00:38]} Ra1+ {[%clk
00:53:22]} {[%emt 00:00:15]} 31. Kh2 {[%clk 00:49:24]} {[%emt 00:00:08]} Rd1
{[%clk 00:53:30]} {[%emt 00:00:08]} 32. Ne6+ {[%clk 00:49:18]} {[%emt
00:00:18]} Kg6 {[%clk 00:53:10]} {[%emt 00:00:39]} 33. Nf8+ {[%clk 00:48:52]}
{[%emt 00:00:39]} Kf5 {[%clk 00:52:45]} {[%emt 00:00:41]} 34. Rxa7 {[%clk
00:48:47]} {[%emt 00:00:20]} Rxd4 {[%emt 00:00:13]} 35. Rxf7 {[%emt 00:00:14]}
Rh4 {[%clk 00:51:58]} {[%emt 00:00:35]} 36. g3 {[%clk 00:48:24]} {[%emt
00:00:37]} Rh6 {[%clk 00:51:44]} {[%emt 00:00:30]} 37. g4+ {[%clk 00:48:05]}
{[%emt 00:00:33]} Ke5 {[%clk 00:51:34]} {[%emt 00:00:27]} 38. Rc7 {[%clk
00:47:47]} {[%emt 00:00:31]} d4 {[%clk 00:51:25]} {[%emt 00:00:26]} 39. Rd7
{[%clk 00:43:38]} {[%emt 00:04:21]} d3 {[%clk 00:51:32]} {[%emt 00:00:11]} 40.
Kg3 {[%clk 00:42:17]} {[%emt 00:01:35]} Bd5 {[%clk 00:51:29]} {[%emt 00:00:18]}
41. f4+ {[%clk 00:40:44]} {[%emt 00:01:47]} Kd4 {[%clk 00:51:16]} {[%emt
00:00:29]} 42. Ne6+ {[%clk 00:40:43]} {[%emt 00:00:15]} Kc3 {[%clk 00:51:24]}
{[%emt 00:00:08]} 43. g5 {[%clk 00:38:05]} {[%emt 00:02:51]} d2 {[%clk
00:51:27]} {[%emt 00:00:14]} 44. gxh6 {[%clk 00:37:36]} {[%emt 00:00:44]} d1=Q
{[%emt 00:00:14]} 45. Kf2 {[%clk 00:37:19]} {[%emt 00:00:26]} Qf3+ {[%clk
00:51:24]} {[%emt 00:00:26]} 46. Ke1 {[%clk 00:37:22]} {[%emt 00:00:11]} Bxe6
{[%emt 00:00:09]} 47. Rxh7 {[%emt 00:00:21]} Qe3+ {[%clk 00:51:00]} {[%emt
00:00:09]} 48. Kf1 {[%clk 00:37:14]} {[%emt 00:00:22]} Bxh3# {[%emt 00:00:16]}
0-1

[Event "DEM U8 2025"]
[Site "Willingen GER"]
[Date "2025.06.13"]
[Round "5"]
[White "Wahlhäuser, Jari"]
[Black "Geiß, Janus Michael"]
[Result "0-1"]
[Termination "normal"]
[Board "19"]
[WhiteElo "1083"]
[BlackElo "1000"]
[WhiteClock "00:03:38"]
[BlackClock "00:35:04"]
[PlyCount "100"]
[EventCountry "GER"]
[EventRounds "7"]
[EventType "swiss"]
[EventDate "2025.06.10"]

1. e4 {[%clk 01:00:28]} {[%emt 00:00:01]} e5 {[%clk 01:00:08]} {[%emt
00:00:23]} 2. Nf3 {[%clk 01:00:35]} {[%emt 00:00:08]} Nc6 {[%clk 01:00:15]}
{[%emt 00:00:08]} 3. Bc4 {[%clk 01:00:40]} {[%emt 00:00:09]} Bc5 {[%clk
01:00:25]} {[%emt 00:00:06]} 4. c3 {[%clk 01:00:46]} {[%emt 00:00:10]} Nf6
{[%clk 01:00:35]} {[%emt 00:00:04]} 5. d3 {[%emt 00:02:53]} O-O {[%emt
00:01:03]} 6. O-O {[%clk 00:58:45]} {[%emt 00:00:25]} d5 {[%clk 01:00:12]}
{[%emt 00:00:28]} 7. exd5 {[%clk 00:58:35]} {[%emt 00:00:26]} Nxd5 {[%clk
01:00:17]} {[%emt 00:00:09]} 8. Re1 {[%clk 00:57:45]} {[%emt 00:01:06]} Re8
{[%clk 01:00:08]} {[%emt 00:00:24]} 9. Bg5 {[%clk 00:56:58]} {[%emt 00:01:01]}
Nf6 {[%clk 00:59:56]} {[%emt 00:00:28]} 10. Be3 {[%clk 00:51:56]} {[%emt
00:05:16]} Bb6 {[%clk 00:59:00]} {[%emt 00:01:12]} 11. Qb3 {[%clk 00:51:04]}
{[%emt 00:01:04]} Be6 {[%clk 00:59:00]} {[%emt 00:00:18]} 12. Bxe6 {[%clk
00:49:59]} {[%emt 00:01:20]} fxe6 {[%clk 00:59:04]} {[%emt 00:00:11]} 13. Rd1
{[%clk 00:45:40]} {[%emt 00:04:32]} Bxe3 {[%clk 00:58:54]} {[%emt 00:00:26]}
14. fxe3 {[%clk 00:45:43]} {[%emt 00:00:13]} Ng4 {[%clk 00:59:05]} {[%emt
00:00:04]} 15. e4 {[%clk 00:43:42]} {[%emt 00:02:16]} b6 {[%clk 00:58:09]}
{[%emt 00:01:12]} 16. h3 {[%clk 00:42:01]} {[%emt 00:01:54]} Nf6 {[%clk
00:58:09]} {[%emt 00:00:15]} 17. Ng5 {[%clk 00:40:59]} {[%emt 00:01:13]} Qd6
{[%clk 00:57:02]} {[%emt 00:01:26]} 18. Rf1 {[%clk 00:36:42]} {[%emt 00:04:32]}
Qc5+ {[%clk 00:56:05]} {[%emt 00:01:13]} 19. Kh1 {[%clk 00:35:42]} {[%emt
00:01:14]} Qd6 {[%clk 00:55:55]} {[%emt 00:00:26]} 20. Nd2 {[%clk 00:33:45]}
{[%emt 00:02:11]} h6 {[%clk 00:55:44]} {[%emt 00:00:27]} 21. Ngf3 {[%clk
00:32:17]} {[%emt 00:02:20]} Qxd3 {[%clk 00:55:19]} {[%emt 00:00:40]} 22. Rae1
{[%clk 00:28:33]} {[%emt 00:03:59]} Nh5 {[%clk 00:54:19]} {[%emt 00:01:15]} 23.
Kh2 {[%clk 00:26:32]} {[%emt 00:02:16]} Nd8 {[%clk 00:52:09]} {[%emt 00:02:25]}
24. Qa4 {[%clk 00:23:41]} {[%emt 00:03:00]} Rf8 {[%clk 00:51:07]} {[%emt
00:01:42]} 25. Kg1 {[%clk 00:19:46]} {[%emt 00:04:02]} Qd6 {[%clk 00:49:20]}
{[%emt 00:02:09]} 26. Nc4 {[%clk 00:18:57]} {[%emt 00:01:03]} Qc5+ {[%clk
00:48:58]} {[%emt 00:00:39]} 27. Kh2 {[%clk 00:18:33]} {[%emt 00:00:38]} b5
{[%clk 00:48:52]} {[%emt 00:00:22]} 28. Qa5 {[%clk 00:18:07]} {[%emt 00:00:38]}
Qxc4 {[%clk 00:48:27]} {[%emt 00:00:42]} 29. b3 {[%clk 00:13:34]} {[%emt
00:04:48]} Qc5 {[%clk 00:47:12]} {[%emt 00:01:29]} 30. c4 {[%clk 00:11:31]}
{[%emt 00:02:19]} Rb8 {[%clk 00:46:29]} {[%emt 00:00:59]} 31. Rd1 {[%clk
00:09:41]} {[%emt 00:02:03]} Nc6 {[%clk 00:45:34]} {[%emt 00:01:10]} 32. Qxc7
{[%clk 00:08:44]} {[%emt 00:01:13]} Rfc8 {[%clk 00:44:12]} {[%emt 00:01:37]}
33. Qd7 {[%clk 00:07:34]} {[%emt 00:01:22]} Qe7 {[%clk 00:43:19]} {[%emt
00:01:11]} 34. Qxe7 {[%clk 00:06:28]} {[%emt 00:01:21]} Nxe7 {[%clk 00:43:21]}
{[%emt 00:00:12]} 35. Nxe5 {[%clk 00:05:38]} {[%emt 00:01:26]} bxc4 {[%clk
00:42:14]} {[%emt 00:01:23]} 36. Nxc4 {[%clk 00:05:19]} {[%emt 00:00:34]} a6
{[%clk 00:40:24]} {[%emt 00:02:06]} 37. Rd7 {[%clk 00:04:42]} {[%emt 00:00:49]}
Ng6 {[%clk 00:39:11]} {[%emt 00:01:30]} 38. Ra7 {[%clk 00:04:28]} {[%emt
00:00:27]} Ra8 {[%clk 00:38:37]} {[%emt 00:00:50]} 39. Rd7 {[%clk 00:04:13]}
{[%emt 00:00:30]} Rd8 {[%clk 00:37:50]} {[%emt 00:01:03]} 40. Rff7 {[%clk
00:03:46]} {[%emt 00:00:42]} Rxd7 {[%clk 00:36:53]} {[%emt 00:01:12]} 41. Rxd7
{[%clk 00:03:57]} {[%emt 00:00:04]} Rf8 {[%clk 00:36:37]} {[%emt 00:00:30]} 42.
Ra7 {[%clk 00:04:04]} {[%emt 00:00:08]} Rf2 {[%clk 00:36:43]} {[%emt 00:00:10]}
43. Rxa6 {[%clk 00:04:17]} {[%emt 00:00:02]} Ngf4 {[%clk 00:36:41]} {[%emt
00:00:17]} 44. Ne3 {[%clk 00:03:57]} {[%emt 00:00:35]} Re2 {[%clk 00:36:32]}
{[%emt 00:00:24]} 45. Nf1 {[%clk 00:03:58]} {[%emt 00:00:14]} Rxg2+ {[%clk
00:36:35]} {[%emt 00:00:12]} 46. Kh1 {[%clk 00:04:09]} {[%emt 00:00:02]} Nf6
{[%clk 00:36:25]} {[%emt 00:00:26]} 47. Ra4 {[%clk 00:04:06]} {[%emt 00:00:18]}
Nd7 {[%clk 00:35:05]} {[%emt 00:01:36]} 48. Ra8+ {[%clk 00:03:59]} {[%emt
00:00:22]} Kh7 {[%clk 00:35:04]} {[%emt 00:00:15]} 49. a3 {[%clk 00:04:05]}
{[%emt 00:00:10]} Nc5 {[%clk 00:35:04]} {[%emt 00:00:15]} 50. Ra4 {[%clk
00:03:38]} {[%emt 00:00:42]} Ncd3 {[%emt 00:04:33]} 0-1

[Event "DEM U8 2025"]
[Site "Willingen GER"]
[Date "2025.06.13"]
[Round "5"]
[White "Korneli, Jakob"]
[Black "Pott, Philipp"]
[Result "0-1"]
[Termination "normal"]
[Board "20"]
[WhiteElo "1052"]
[BlackElo "994"]
[WhiteClock "00:19:43"]
[BlackClock "00:10:18"]
[PlyCount "118"]
[WhiteFideId "533024588"]
[BlackFideId "533031975"]
[EventCountry "GER"]
[EventRounds "7"]
[EventType "swiss"]
[EventDate "2025.06.10"]

1. e4 {[%clk 01:00:15]} {[%emt 00:22:12]} c5 {[%clk 01:00:22]} {[%emt
00:00:09]} 2. Nf3 {[%clk 01:00:27]} {[%emt 00:00:17]} d6 {[%clk 01:00:31]}
{[%emt 00:00:07]} 3. d4 {[%clk 01:00:29]} {[%emt 00:00:12]} cxd4 {[%clk
01:00:38]} {[%emt 00:00:08]} 4. Nxd4 {[%clk 00:59:50]} {[%emt 00:00:53]} Nf6
{[%clk 01:00:26]} {[%emt 00:00:28]} 5. Nc3 {[%clk 00:59:30]} {[%emt 00:00:35]}
g6 {[%clk 01:00:23]} {[%emt 00:00:18]} 6. Be3 {[%clk 00:59:16]} {[%emt
00:00:27]} Bg7 {[%clk 01:00:18]} {[%emt 00:00:21]} 7. f3 {[%clk 00:59:15]}
{[%emt 00:00:17]} O-O {[%clk 01:00:07]} {[%emt 00:00:27]} 8. Qd2 {[%clk
00:58:45]} {[%emt 00:00:45]} Bd7 {[%clk 00:58:08]} {[%emt 00:02:13]} 9. O-O-O
{[%clk 00:58:36]} {[%emt 00:00:23]} Nc6 {[%clk 00:56:36]} {[%emt 00:01:48]} 10.
Nxc6 {[%clk 00:58:23]} {[%emt 00:00:28]} Bxc6 {[%clk 00:55:48]} {[%emt
00:01:03]} 11. Bh6 {[%clk 00:58:13]} {[%emt 00:00:24]} Rc8 {[%clk 00:53:43]}
{[%emt 00:02:21]} 12. g4 {[%clk 00:57:37]} {[%emt 00:00:50]} Qa5 {[%clk
00:52:18]} {[%emt 00:01:41]} 13. h4 {[%clk 00:56:59]} {[%emt 00:00:53]} Rfe8
{[%clk 00:51:08]} {[%emt 00:01:25]} 14. Bxg7 {[%clk 00:56:01]} {[%emt
00:01:12]} Kxg7 {[%clk 00:50:32]} {[%emt 00:00:52]} 15. h5 {[%clk 00:55:45]}
{[%emt 00:00:30]} Rh8 {[%clk 00:50:28]} {[%emt 00:00:18]} 16. h6+ {[%clk
00:53:46]} {[%emt 00:02:15]} Kg8 {[%clk 00:49:49]} {[%emt 00:00:54]} 17. g5
{[%clk 00:52:35]} {[%emt 00:01:26]} Nd7 {[%clk 00:49:44]} {[%emt 00:00:21]} 18.
Qd4 {[%clk 00:51:48]} {[%emt 00:01:00]} Qxg5+ {[%clk 00:47:09]} {[%emt
00:02:52]} 19. Qd2 {[%clk 00:51:11]} {[%emt 00:01:47]} Qxd2+ {[%clk 00:47:10]}
{[%emt 00:00:14]} 20. Rxd2 {[%clk 00:51:05]} {[%emt 00:00:20]} Nc5 {[%emt
00:06:48]} 21. Nd5 {[%clk 00:49:57]} {[%emt 00:00:01]} Kf8 {[%clk 00:39:45]}
{[%emt 00:02:28]} 22. Bh3 {[%clk 00:49:12]} {[%emt 00:01:01]} Rd8 {[%clk
00:34:44]} {[%emt 00:05:17]} 23. b4 {[%clk 00:46:06]} {[%emt 00:03:20]} Ne6
{[%clk 00:32:56]} {[%emt 00:02:02]} 24. Kb2 {[%clk 00:44:32]} {[%emt 00:01:51]}
Ng5 {[%clk 00:31:48]} {[%emt 00:01:22]} 25. Bg4 {[%clk 00:43:49]} {[%emt
00:00:59]} e6 {[%clk 00:27:59]} {[%emt 00:04:04]} 26. Nc3 {[%clk 00:42:38]}
{[%emt 00:01:25]} f5 {[%clk 00:27:09]} {[%emt 00:01:05]} 27. Bh3 {[%clk
00:39:42]} {[%emt 00:03:08]} Nxf3 {[%clk 00:27:03]} {[%emt 00:00:24]} 28. Rdd1
{[%clk 00:36:05]} {[%emt 00:03:53]} Ng5 {[%clk 00:25:38]} {[%emt 00:01:39]} 29.
Bg2 {[%clk 00:35:47]} {[%emt 00:00:33]} Ke7 {[%clk 00:23:17]} {[%emt 00:02:37]}
30. Rde1 {[%clk 00:34:36]} {[%emt 00:01:26]} Rhf8 {[%clk 00:23:11]} {[%emt
00:00:20]} 31. Kb3 {[%clk 00:32:36]} {[%emt 00:02:15]} Rf7 {[%clk 00:21:53]}
{[%emt 00:01:33]} 32. Rhf1 {[%clk 00:32:02]} {[%emt 00:00:48]} Rdf8 {[%clk
00:21:12]} {[%emt 00:00:58]} 33. b5 {[%clk 00:30:54]} {[%emt 00:01:22]} Bxe4
{[%clk 00:20:50]} {[%emt 00:00:38]} 34. Bxe4 {[%clk 00:30:25]} {[%emt
00:00:44]} Nxe4 {[%clk 00:20:49]} {[%emt 00:00:16]} 35. Nxe4 {[%clk 00:29:57]}
{[%emt 00:00:43]} fxe4 {[%clk 00:20:52]} {[%emt 00:00:12]} 36. Rxf7+ {[%clk
00:29:54]} {[%emt 00:00:17]} Rxf7 {[%clk 00:20:57]} {[%emt 00:00:11]} 37. Rxe4
{[%clk 00:29:54]} {[%emt 00:00:14]} Rf5 {[%clk 00:20:18]} {[%emt 00:00:55]} 38.
b6 {[%clk 00:29:21]} {[%emt 00:00:48]} Rb5+ {[%clk 00:20:11]} {[%emt 00:00:22]}
39. Ka4 {[%clk 00:28:49]} {[%emt 00:00:46]} Rxb6 {[%clk 00:19:58]} {[%emt
00:00:28]} 40. c4 {[%clk 00:27:42]} {[%emt 00:01:23]} Rb2 {[%clk 00:13:15]}
{[%emt 00:06:58]} 41. Rh4 {[%clk 00:27:41]} {[%emt 00:00:14]} Rxa2+ {[%clk
00:13:18]} {[%emt 00:00:14]} 42. Kb3 {[%clk 00:27:38]} {[%emt 00:00:18]} Rg2
{[%clk 00:13:13]} {[%emt 00:00:19]} 43. Kc3 {[%clk 00:27:16]} {[%emt 00:00:36]}
Rg1 {[%clk 00:12:49]} {[%emt 00:00:41]} 44. Kd2 {[%clk 00:26:59]} {[%emt
00:00:31]} g5 {[%clk 00:12:55]} {[%emt 00:00:09]} 45. Rh2 {[%clk 00:26:59]}
{[%emt 00:00:14]} g4 {[%clk 00:13:00]} {[%emt 00:00:11]} 46. Ke2 {[%clk
00:26:48]} {[%emt 00:00:26]} g3 {[%clk 00:13:10]} {[%emt 00:00:05]} 47. Rh4
{[%clk 00:25:56]} {[%emt 00:01:07]} a5 {[%clk 00:12:45]} {[%emt 00:00:41]} 48.
Rg4 {[%clk 00:25:51]} {[%emt 00:00:19]} a4 {[%clk 00:12:41]} {[%emt 00:00:20]}
49. Rg7+ {[%clk 00:25:57]} {[%emt 00:00:09]} Kf6 {[%clk 00:12:25]} {[%emt
00:00:31]} 50. Rxh7 {[%clk 00:26:02]} {[%emt 00:00:10]} Rh1 {[%clk 00:12:26]}
{[%emt 00:00:14]} 51. Rxb7 {[%clk 00:23:47]} {[%emt 00:02:30]} g2 {[%clk
00:12:09]} {[%emt 00:00:32]} 52. Kd3 {[%clk 00:23:03]} {[%emt 00:00:58]} Rxh6
{[%clk 00:11:05]} {[%emt 00:01:20]} 53. Rb4 {[%clk 00:22:45]} {[%emt 00:00:33]}
g1=Q {[%clk 00:10:42]} {[%emt 00:00:38]} 54. Rxa4 {[%clk 00:22:32]} {[%emt
00:00:27]} Qd1+ {[%clk 00:10:19]} {[%emt 00:00:39]} 55. Kc3 {[%clk 00:21:49]}
{[%emt 00:00:57]} Qxa4 {[%clk 00:10:13]} {[%emt 00:00:22]} 56. Kb2 {[%clk
00:21:48]} {[%emt 00:00:15]} Rh3 {[%clk 00:10:08]} {[%emt 00:00:21]} 57. Kb1
{[%clk 00:20:25]} {[%emt 00:01:37]} Qd1+ {[%clk 00:10:13]} {[%emt 00:00:10]}
58. Kb2 {[%clk 00:19:54]} {[%emt 00:00:46]} Qd2+ {[%clk 00:10:12]} {[%emt
00:00:17]} 59. Kb1 {[%clk 00:19:43]} {[%emt 00:00:26]} Rh1# {[%clk 00:10:18]}
{[%emt 00:00:08]} 0-1

[Event "DEM U8 2025"]
[Site "Willingen GER"]
[Date "2025.06.13"]
[Round "5"]
[White "Falck, Aaron"]
[Black "Breger, Jonathan"]
[Result "1-0"]
[Termination "normal"]
[Board "21"]
[WhiteElo "989"]
[BlackElo "1019"]
[WhiteClock "00:29:17"]
[BlackClock "00:31:39"]
[PlyCount "69"]
[WhiteFideId "533031002"]
[BlackFideId "533035768"]
[EventCountry "GER"]
[EventRounds "7"]
[EventType "swiss"]
[EventDate "2025.06.10"]

1. e4 {[%clk 01:00:28]} e5 {[%clk 01:00:15]} {[%emt 00:00:16]} 2. Nf3 {[%clk
01:00:27]} {[%emt 00:00:17]} Nf6 {[%clk 01:00:16]} {[%emt 00:00:14]} 3. Nxe5
{[%clk 01:00:30]} {[%emt 00:00:11]} d6 {[%clk 01:00:13]} {[%emt 00:00:17]} 4.
Nf3 {[%clk 01:00:39]} {[%emt 00:00:07]} Nxe4 {[%clk 01:00:15]} {[%emt
00:00:13]} 5. d4 {[%emt 00:00:25]} d5 {[%clk 01:00:04]} {[%emt 00:00:16]} 6.
Bd3 {[%clk 01:00:46]} {[%emt 00:00:08]} Bd6 {[%clk 00:59:42]} {[%emt 00:00:37]}
7. O-O {[%clk 01:00:45]} {[%emt 00:00:16]} O-O {[%clk 00:58:47]} {[%emt
00:01:09]} 8. Nbd2 {[%clk 00:58:59]} {[%emt 00:02:02]} Re8 {[%clk 00:56:59]}
{[%emt 00:02:03]} 9. Re1 {[%clk 00:58:03]} {[%emt 00:01:10]} Bf5 {[%clk
00:55:20]} {[%emt 00:01:54]} 10. Nb3 {[%clk 00:55:58]} {[%emt 00:02:22]} Nc6
{[%clk 00:54:43]} {[%emt 00:00:51]} 11. c4 {[%clk 00:52:40]} {[%emt 00:03:33]}
Bb4 {[%clk 00:53:21]} {[%emt 00:01:37]} 12. Re3 {[%clk 00:49:56]} {[%emt
00:02:59]} Nf6 {[%clk 00:51:19]} {[%emt 00:02:16]} 13. Rxe8+ {[%clk 00:49:06]}
{[%emt 00:01:05]} Nxe8 {[%clk 00:50:57]} {[%emt 00:00:37]} 14. Bxf5 {[%clk
00:48:20]} {[%emt 00:01:01]} Qf6 {[%clk 00:50:27]} {[%emt 00:00:44]} 15. Bd7
{[%clk 00:42:10]} {[%emt 00:06:26]} dxc4 {[%clk 00:49:02]} {[%emt 00:01:41]}
16. Nc5 {[%clk 00:40:05]} {[%emt 00:02:20]} Rd8 {[%clk 00:48:06]} {[%emt
00:01:11]} 17. Bg5 {[%clk 00:38:04]} {[%emt 00:02:15]} Qg6 {[%clk 00:42:56]}
{[%emt 00:05:25]} 18. Bxd8 {[%clk 00:36:42]} {[%emt 00:01:37]} Nxd8 {[%clk
00:42:27]} {[%emt 00:00:44]} 19. Bxe8 {[%clk 00:36:15]} {[%emt 00:00:43]} c6
{[%clk 00:41:49]} {[%emt 00:00:53]} 20. Qe2 {[%clk 00:35:03]} {[%emt 00:01:27]}
Bxc5 {[%clk 00:41:03]} {[%emt 00:01:01]} 21. dxc5 {[%clk 00:33:55]} {[%emt
00:01:23]} Ne6 {[%clk 00:40:52]} {[%emt 00:00:24]} 22. Rd1 {[%clk 00:32:14]}
{[%emt 00:01:58]} Nf4 {[%clk 00:40:43]} {[%emt 00:00:23]} 23. Qf1 {[%clk
00:31:39]} {[%emt 00:00:50]} Qg4 {[%clk 00:40:07]} {[%emt 00:00:49]} 24. Rd8
{[%clk 00:30:53]} {[%emt 00:01:04]} Nh3+ {[%clk 00:34:20]} {[%emt 00:06:02]}
25. Kh1 {[%clk 00:30:31]} {[%emt 00:00:37]} h6 {[%clk 00:33:17]} {[%emt
00:01:18]} 26. Bd7+ {[%clk 00:30:27]} {[%emt 00:00:19]} Kh7 {[%clk 00:33:00]}
{[%emt 00:00:31]} 27. Bxg4 {[%clk 00:30:34]} {[%emt 00:00:09]} g5 {[%clk
00:32:54]} {[%emt 00:00:21]} 28. Bxh3 {[%clk 00:30:32]} {[%emt 00:00:17]} h5
{[%clk 00:32:52]} {[%emt 00:00:16]} 29. Nxg5+ {[%clk 00:30:34]} {[%emt
00:00:14]} Kh6 {[%emt 00:00:15]} 30. Nxf7+ {[%emt 00:00:15]} Kg6 {[%clk
00:32:18]} {[%emt 00:00:18]} 31. Qe1 {[%clk 00:30:20]} {[%emt 00:00:29]} Kxf7
{[%clk 00:32:13]} {[%emt 00:00:21]} 32. Qe8+ {[%clk 00:30:14]} {[%emt
00:00:21]} Kf6 {[%clk 00:32:14]} {[%emt 00:00:12]} 33. Qe6+ {[%clk 00:30:06]}
{[%emt 00:00:25]} Kg7 {[%clk 00:32:13]} {[%emt 00:00:16]} 34. Rg8+ {[%clk
00:29:37]} {[%emt 00:00:43]} Kh7 {[%clk 00:31:39]} {[%emt 00:00:48]} 35. Qg6#
{[%clk 00:29:17]} {[%emt 00:00:37]} 1-0